Statistics for Města Čech nad 21 000

Click here to take the quiz!

General Stats

  • This quiz has been taken 229 times
    (224 since last reset)
  • The average score is 17 of 29

Answer Stats

Počet obyvatelMěsto% Correct
1 275 406Praha
100%
102 951Liberec
93%
168 733Plzeň
93%
93 426České Budějovice
90%
90 378Ústí nad Labem
89%
88 520Pardubice
88%
45 500Karlovy Vary
87%
90 596Hradec Králové
83%
62 866Most
74%
66 903Kladno
70%
47 029Děčín
63%
46 263Chomutov
61%
41 868Mladá Boleslav
59%
32 046Kolín
57%
33 410Tábor
57%
44 588Jablonec nad Nisou
55%
29 814Písek
53%
48 766Teplice
52%
30 420Cheb
47%
36 740Česká Lípa
42%
31 651Příbram
41%
22 097Sokolov
41%
29 430Trutnov
41%
22 950Litoměřice
36%
21 587Klatovy
34%
22 214Strakonice
32%
22 773Chrudim
28%
22 482Litvínov
26%
22 879Havlíčkův Brod
24%

Score Distribution

Percentile by Number Answered

Percent of People with Each Score

Your Score History

You have not taken this quiz since the last reset